[Event "HUN-chT2 Breyer 2223"]
[Site "Hungary"]
[Date "2023.02.19"]
[Round "8.1"]
[White "Erdelyi, Zombor"]
[Black "Marton, Szabolcs"]
[Result "0-1"]
[WhiteElo "2308"]
[BlackElo "2268"]
[PlyCount "60"]
[EventDate "2022.10.16"]
[EventType "team-tourn"]
[EventRounds "11"]
[EventCountry "HUN"]
[SourceTitle "EXT 2025"]
[Source "ChessBase"]
[SourceDate "2024.10.14"]
[SourceVersion "1"]
[SourceVersionDate "2024.10.14"]
[SourceQuality "1"]
[WhiteTeam "Hus"]
[BlackTeam "Esztergom"]
[WhiteTeamCountry "HUN"]
[BlackTeamCountry "HUN"]

1. e4 c5 2. Nf3 a6 3. c4 Nc6 4. d4 cxd4 5. Nxd4 e5 6. Nc2 Nf6 7. Nc3 Bc5 8. Be2 d6 9. 0-0 0-0 10. Rb1 Be6 11. Qd3 Rc8 12. b4 Ba7 13. Be3 Bxc4 14. Qxc4 Nd4 15. Nxd4 exd4 16. Qb3 Rxc3 17. Qb2 Qc7 18. Rbc1 Nxe4 19. Bf4 Qd7 20. Bf3 Qf5 21. Bd2 Rxf3 22. gxf3 Qxf3 23. b5 axb5 24. Rc7 Qg4+ 25. Kh1 Qe2 26. Qc1 Nxd2 27. Rd1 Qe4+ 28. Kg1 Nf3+ 29. Kf1 Re8 30. Qc2 Qg4 0-1

[Event "HUN-chT2 Breyer 2122"]
[Site "Hungary"]
[Date "2022.04.10"]
[Round "9.1"]
[White "Jamrich, Gyorgy"]
[Black "Marton, Szabolcs"]
[Result "1/2-1/2"]
[WhiteElo "2213"]
[BlackElo "2295"]
[PlyCount "40"]
[EventDate "2021.10.10"]
[EventType "team-tourn"]
[EventRounds "9"]
[EventCountry "HUN"]
[SourceTitle "EXT 2025"]
[Source "ChessBase"]
[SourceDate "2024.10.14"]
[SourceVersion "1"]
[SourceVersionDate "2024.10.14"]
[SourceQuality "1"]
[WhiteTeam "Biatorbagy II"]
[BlackTeam "Esztergom"]
[WhiteTeamCountry "HUN"]
[BlackTeamCountry "HUN"]

1. d4 Nf6 2. c4 e6 3. Nf3 b6 4. g3 Bb7 5. Bg2 Be7 6. 0-0 0-0 7. Nc3 Ne4 8. Qc2 Nxc3 9. bxc3 f5 10. a4 a5 11. Ne1 Bxg2 12. Nxg2 Qe8 13. e4 Qf7 14. Bf4 d6 15. Rae1 Nd7 16. exf5 exf5 17. Qb3 Rae8 18. Qb5 Bd8 19. Bc1 Nf6 20. f3 Qd7 1/2-1/2

[Event "HUN-chT2 Asztalos 1516"]
[Site "Hungary"]
[Date "2016.02.28"]
[Round "8.11"]
[White "Marton, Szabolcs"]
[Black "Kun, Balint"]
[Result "1/2-1/2"]
[WhiteElo "1306"]
[BlackElo "1378"]
[PlyCount "90"]
[EventDate "2015.09.13"]
[EventType "team-tourn"]
[EventRounds "11"]
[EventCountry "HUN"]
[SourceTitle "EXT 2017"]
[Source "ChessBase"]
[SourceDate "2016.10.25"]
[SourceVersion "1"]
[SourceVersionDate "2016.10.25"]
[SourceQuality "1"]
[WhiteTeam "Sarosd"]
[BlackTeam "Fehervar"]
[WhiteTeamCountry "HUN"]
[BlackTeamCountry "HUN"]

1. f4 d5 2. g3 Nf6 3. Bg2 g6 4. b3 Bg7 5. Bb2 0-0 6. Nf3 c5 7. 0-0 Nc6 8. d4 e6 9. e3 Rb8 10. Ne5 Nxe5 11. fxe5 Nd7 12. Nd2 b6 13. Nf3 Ba6 14. Rf2 f5 15. Bf1 Bxf1 16. Qxf1 b5 17. Qh3 c4 18. Qh4 Qxh4 19. Nxh4 a6 20. Ng2 Nb6 21. Nf4 Kf7 22. Ba3 Rfc8 23. Bc5 Bh6 24. Bxb6 Bxf4 25. Rxf4 Rxb6 26. b4 g5 27. Rf2 h5 28. c3 Ra8 29. a4 g4 30. a5 Rbb8 31. Kg2 Rh8 32. h3 gxh3+ 33. Kxh3 Rag8 34. Rg1 Rg7 35. Rf3 Rhg8 36. Kh4 Rg4+ 37. Kh3 h4 38. Kh2 Rh8 39. Kg2 Rxg3+ 40. Rxg3 hxg3 41. Kxg3 Rg8+ 42. Kf2 Rxg1 43. Kxg1 Kg6 44. Kg2 Kg5 45. Kg3 Kh5 1/2-1/2